<?xml version="1.0" encoding="UTF-8"?>
<marc:record xmlns:marc="http://www.loc.gov/MARC21/slim">
   <marc:leader>00000nam a2200000 a 4500</marc:leader>
   <marc:datafield ind1="1" ind2=" " tag="100">
      <marc:subfield code="a">Orlovský, Sarah Michaela</marc:subfield>
      <marc:subfield code="4">aut</marc:subfield>
      <marc:subfield code="e">Verfasser/-in</marc:subfield>
   </marc:datafield>
   <marc:datafield ind1="1" ind2=" " tag="100">
      <marc:subfield code="a">Möltgen, Ulrike</marc:subfield>
   </marc:datafield>
   <marc:datafield ind1="0" ind2="0" tag="245">
      <marc:subfield code="a">Ich - #wasimmerdasauchheißenmag</marc:subfield>
   </marc:datafield>
   <marc:datafield ind1=" " ind2="1" tag="264">
      <marc:subfield code="a">Innsbruck</marc:subfield>
      <marc:subfield code="b">Tyrolia-Verlag</marc:subfield>
      <marc:subfield code="c">2017</marc:subfield>
   </marc:datafield>
   <marc:datafield ind1="1" ind2=" " tag="520">
      <marc:subfield code="a">Nono (Veronika) ist gerade 15, als ihre Mutter noch einmal schwanger wird. Und angesichts dessen, "was da in Mamas Bauch schwimmt", sieht sich Ich-Erzählerin ziemlich unter Druck gesetzt. Erstens: Da kommt vielleicht genau das Kind nach, "das sich Mama immer gewünscht hat, ein liebes, süßes Gugugaga-Baby". Aber Nono weiß auch: Das Baby und sie müssen zusammenhalten. "Denn von wem soll der/die/das Kleine sonst etwas über die Welt lernen?" Daher zweitens: Nono muss dringend herausfinden, wer sie eigentlich ist. Zur Verfügung stehen ihr dazu 200 Seiten Notiz-Heftseiten, lange Sommerferien zuhause, ein beginnendes Schuljahr und die fixe Idee, über ein bestimmtes Outfit zu ihrem wahren Ich finden zu können. (Verlagstext) Österreichischer Kinder- und Jugendbuchpreis 2018</marc:subfield>
   </marc:datafield>
   <marc:datafield ind1=" " ind2=" " tag="020">
      <marc:subfield code="a">9783702236403</marc:subfield>
      <marc:subfield code="9">9783702236403</marc:subfield>
   </marc:datafield>
   <marc:datafield ind1=" " ind2=" " tag="041">
      <marc:subfield code="a">ger</marc:subfield>
   </marc:datafield>
   <marc:datafield ind1="1" ind2=" " tag="521">
      <marc:subfield code="a">0</marc:subfield>
   </marc:datafield>
   <marc:datafield ind1=" " ind2=" " tag="300">
      <marc:subfield code="a">213 Seiten</marc:subfield>
   </marc:datafield>
</marc:record>
